| 000 | 00803nam a2200217Ia 4500 | ||
|---|---|---|---|
| 003 | GCL | ||
| 008 | 140319s9999 xx 000 0 ara d | ||
| 020 | _a6847305977 | ||
| 040 |
_aGCL / _cGCL |
||
| 082 | 0 | 4 |
_a792.024 _bف م |
| 100 | 1 | _aسهير الجمل (ترجمة) | |
| 245 | 1 | 0 |
_aالمسرح والصور المرئية(الجزء الثانى) / _cسهير الجمل (ترجمة) |
| 700 | 1 | _aفالان، بياتريس بيكون | |
| 260 |
_aالقاهرة : _bوزارة الثقافة - مهرجان القاهرة الدولى للمسرح التجريبى |
||
| 300 |
_a371 ص ؛ _c24 سم |
||
| 650 | 0 | 4 | _aالاخراج المسرحى |
| 650 | 0 | 4 | _aالفنون المسرحية |
| 650 | 0 | 4 | _aالمسارح - اضاءة |
| 650 | 0 | 4 | _aالمسرح - تجهيز |
| 942 |
_2ddc _cBK |
||
| 999 |
_c7794 _d7794 |
||